Geben Sie Länder rückwärts ein - Statistiken

Allgemein
  • Dieses Quiz wurde 191 mal gespielt
  • Das Durchschnittsergebnis liegt bei 5 aus 5
Antwortstatistiken
# Antwort % Korrekt
Napaj Japan
100%
Nelop Polen
100%
Neipoihta Athiopien
99%
Aisyalam Malaysia
99%
Etginierev netaats Vereinigte Staaten
98%
Keine übereinstimmenden Quizze gefunden
Verteilung der Resultate
Anzahl Personen mit jedem Resultat
Perzentil nach korrekt beantworteten Fragen
Ihre Resultats-Entwicklung
Sie haben dieses Quiz noch nicht gespielt